000 01293nam a2200241 i 4500
001 82066
003 ES-MaACL
005 20250930063104.0
007 t|
008 041116s1892 sp ||||1| spa d
100 1 _aFerreiro, Martín,
_d1830-1896
_950393
245 1 0 _aInfluencia del descubrimiento del nuevo mundo en las ciencias geográficas /
_cconferencia de Martín Ferreiro, pronunciada el día 28 de abril de 1892.
260 _aMadrid :
_b[s.n.],
_c1892 (
_fSucesores de Rivadeneyra)
300 _a30 p. ;
_c25 cm.
500 _aForma parte de:"El continente americano : conferencias dadas en el Ateneo Científico, Literario y Artístico de Madrid con motivo del Cuarto Centenario del Descubrimiento de América", Madrid 1894, título que agrupa todas las conferencias del ciclo en tres volúmenes, cada una de ellas con portada y año propios. Esta publicación pertenece al tomo 3º.
500 _aPrecede al tít.: Ateneo de Madrid.
610 2 _aAteneo de Madrid-
_vConferencias-
_yS.XIX.
_91910
610 2 _aAteneo de Madrid-
_vObras digitalizadas.
_91930
740 3 _aEl continente americano.
852 _aES-MaACL
_jR-2605(16)
856 4 _uhttp://www.ateneodemadrid.com/biblioteca_digital/folletos/Folletos-0070.pdf
_zVer documento
999 _c82066
_d82066